Kleine Kryptogamenflora von Mitteleuropa.

Bibliographic Details
Main Author: Gams, Helmut, 1893-
Other Authors: Moser, Meinhard
Format: Book
Language:German
Published: Jena : G. Fischer, 1940-
Subjects:

MARC

Tag First Indicator Second Indicator Subfields
LEADER 00000cam a2200000 i 4500
001 in00000049572
005 20151007073641.0
008 790129m19409999gw a 00100 germ
010 |a  50038873  
035 |a (OCoLC)04597096 
035 |9 AAF0108AM 
040 |a DLC  |c MOA  |d TXA  |d UtOrBLW 
049 |a TXAM  |v 1 [226069]  |v 2 [224192] 
090 |a QK514.G4  |b G3 1940 
092 |a 586  |b G194k 
100 1 |a Gams, Helmut,  |d 1893- 
245 1 0 |a Kleine Kryptogamenflora von Mitteleuropa. 
264 1 |a Jena :  |b G. Fischer,  |c 1940- 
300 |a  volumes :  |b illustrations 
336 |a text  |b txt  |2 rdacontent 
337 |a unmediated  |b n  |2 rdamedia 
338 |a volume  |b nc  |2 rdacarrier 
650 0 |a Cryptogams. 
650 0 |a Botany  |z Europe. 
700 1 |a Moser, Meinhard.  |t Blatter- und Bauchpilze. 
740 0 |a Kryptogamenflora. 
999 |a MARS 
999 f f |s 1810050d-151e-3629-8fa5-f9a7d3ac6667  |i c3dbae94-2e97-330f-8328-25476242ff3d  |t 0 
952 f f |p ric  |a Texas A&M University  |b Rellis Campus  |c Joint Library Facility  |d Remote Storage  |t 0  |e QK514.G4 G3 1940  |h Library of Congress classification  |i unmediated -- volume  |k Bd.1  |m A14800997107 
952 f f |p ric  |a Texas A&M University  |b Rellis Campus  |c Joint Library Facility  |d Remote Storage  |t 0  |e QK514.G4 G3 1940  |h Library of Congress classification  |i unmediated -- volume  |k Bd.2  |m A14800997115 
998 f f |a QK514.G4 G3 1940  |s Bd.1-Bd.2  |t 0  |l Remote Storage